000 00609nam a2200277Ia 4500
005 20260401122252.0
008 008 250103s9999 xx 000 0 eng d
020 _a801850282
037 _aTB
040 _aEDL
040 _beng
040 _cEDL
041 _2eng
041 _aeng
084 _a843.3 CAR
084 _qEDL
245 0 _aFrancois Rabelais: Critical Assessments
260 _aBaltimore
260 _bJohn Hopkins University Press
260 _c1995
300 _a227p
942 _cTB
942 _h843.3 CAR
999 _c1846091
_d1846091